000 00355nam a22001217a 4500
082 _aMS-CSE-3 FAR
100 _aFarhan Masood Butt
_9101138
245 _aRecognition at next sight
260 _aIslamabad
_bNUST SEECS
_c2014
500 _aSupervisor: Dr, Khawar Khursheed
856 _uhttp://10.250.8.41:8080/xmlui/handle/123456789/9654
942 _cPR
_2ddc
999 _c13044
_d13044